[Event "PAR-ch qual1"]
[Site "Asuncion"]
[Date "2018.03.28"]
[Round "1"]
[White "Butti, Osvaldo"]
[Black "Jodorcovsky, Paulo Leonardo"]
[Result "1-0"]
[WhiteElo "2069"]
[BlackElo "1673"]
[PlyCount "53"]
[EventDate "2018.03.28"]
[EventType "swiss"]
[EventRounds "7"]
[EventCountry "PAR"]
[SourceTitle "EXT 2019"]
[Source "ChessBase"]
[SourceDate "2018.10.10"]
[SourceVersion "1"]
[SourceVersionDate "2018.10.10"]
[SourceQuality "1"]

1. e4 c5 2. Nf3 e6 3. c4 Nc6 4. d4 cxd4 5. Nxd4 d6 6. Be2 Nf6 7. Nc3 Be7 8. Be3 Nxd4 9. Bxd4 e5 10. Be3 Be6 11. 0-0 0-0 12. f3 Rc8 13. Nd5 Bxd5 14. cxd5 a6 15. Qb3 Qd7 16. g4 b5 17. a4 Qb7 18. axb5 Nd7 19. Qd1 Ra8 20. bxa6 Qxb2 21. Rb1 Qa3 22. Rb3 Qa5 23. Rb7 Rfd8 24. Bb5 Nc5 25. Bd2 Nxb7 26. Bxa5 Nxa5 27. Qa4 1-0